000 00574nam a2200217Ia 4500
003 OSt
005 20220918192944.0
006 a|||||r|||| 00| 0
007 ta
008 220917b |||||||| |||| 00| 0 eng d
024 _a71,307
037 _cTextual
040 _aARTS
_cARTS
_beng
041 _2eng
_aeng
082 _aR3xM801w, K2
100 _aRosenfield L C
_980751
245 0 _aPortrait of a philosopher
_b Morris R Cohen in life and letters
260 _c1962
942 _hR3xM801w, K2
_cTEXL
_2CC
999 _c197380
_d197380